000 00702nam a2200205Ii 4500
003 JO-AjNU
008 230605s9999||||xx |||||||||||||| ||und||
040 _aJO-AjNU
_bara
_erda
_cJO-AjNU
041 _aara
050 1 4 _aBP542.A76 1997
100 3 _aالأشقر، عمر سليمان,
_eauthor
_940898
245 0 0 _aأحكام الزواج في ضوء الكتاب والسنة
250 _aط2
264 3 1 _aعمان: دار النفائس للنشر والتوزيع، 1997
300 _a319ص
_bالمراجع ص 305-310
336 _atext
_btxt
_2rdacontent
337 _aunmediated
_bn
_2rdamedia
338 _avolume
_bnc
_2rdacarrier
650 4 _aالزواج- فقه اسلامي
_940899
999 _aA17393
_c20961
_d20961